<?xml version="1.0" encoding="UTF-8"?>
<collection xmlns="http://www.loc.gov/MARC21/slim">
 <record>
  <leader>00970nam a2200277 a 4500</leader>
  <controlfield tag="001">2650</controlfield>
  <controlfield tag="003">BD-DhAAL</controlfield>
  <controlfield tag="005">20150608103608.0</controlfield>
  <controlfield tag="008">150608r19861985enka          001 1 eng  </controlfield>
  <datafield tag="015" ind1=" " ind2=" ">
   <subfield code="a">GB87-4108</subfield>
  </datafield>
  <datafield tag="020" ind1=" " ind2=" ">
   <subfield code="a">0006370624 (pbk) :</subfield>
  </datafield>
  <datafield tag="040" ind1=" " ind2=" ">
   <subfield code="a">UKM</subfield>
   <subfield code="c">UKM</subfield>
   <subfield code="d">EQF</subfield>
   <subfield code="d">BD-DhAAL</subfield>
  </datafield>
  <datafield tag="050" ind1="1" ind2=" ">
   <subfield code="a">HD70.U5</subfield>
  </datafield>
  <datafield tag="082" ind1="0" ind2=" ">
   <subfield code="a">658/.00973</subfield>
   <subfield code="2">19</subfield>
  </datafield>
  <datafield tag="100" ind1="1" ind2=" ">
   <subfield code="a">Peters, Thomas J.</subfield>
   <subfield code="9">9122</subfield>
  </datafield>
  <datafield tag="245" ind1="1" ind2="2">
   <subfield code="a">A passion for excellence :</subfield>
   <subfield code="b">the leadership difference /</subfield>
   <subfield code="c">Tom Peters, Nancy Austin.</subfield>
  </datafield>
  <datafield tag="260" ind1=" " ind2=" ">
   <subfield code="a">London :</subfield>
   <subfield code="b">Fontana,</subfield>
   <subfield code="c">1986, c1985.</subfield>
  </datafield>
  <datafield tag="300" ind1=" " ind2=" ">
   <subfield code="a">xxv, 437 p. :</subfield>
   <subfield code="b">ill. ;</subfield>
   <subfield code="c">20 cm.</subfield>
  </datafield>
  <datafield tag="500" ind1=" " ind2=" ">
   <subfield code="a">Originally published: London : Collins, 1985.</subfield>
  </datafield>
  <datafield tag="500" ind1=" " ind2=" ">
   <subfield code="a">Includes index.</subfield>
  </datafield>
  <datafield tag="541" ind1=" " ind2=" ">
   <subfield code="e">2650</subfield>
  </datafield>
  <datafield tag="650" ind1=" " ind2="0">
   <subfield code="a">Industrial management</subfield>
   <subfield code="z">United States.</subfield>
   <subfield code="9">9205</subfield>
  </datafield>
  <datafield tag="700" ind1="1" ind2=" ">
   <subfield code="a">Austin, Nancy.</subfield>
   <subfield code="9">11783</subfield>
  </datafield>
  <datafield tag="942" ind1=" " ind2=" ">
   <subfield code="2">ddc</subfield>
   <subfield code="c">BK</subfield>
  </datafield>
  <datafield tag="999" ind1=" " ind2=" ">
   <subfield code="c">34644</subfield>
   <subfield code="d">34644</subfield>
  </datafield>
  <datafield tag="952" ind1=" " ind2=" ">
   <subfield code="0">0</subfield>
   <subfield code="1">0</subfield>
   <subfield code="2">ddc</subfield>
   <subfield code="4">0</subfield>
   <subfield code="6">658_009730000000000_PET</subfield>
   <subfield code="7">0</subfield>
   <subfield code="9">54116</subfield>
   <subfield code="a">SCL</subfield>
   <subfield code="b">SCL</subfield>
   <subfield code="c">GEN</subfield>
   <subfield code="d">2015-06-08</subfield>
   <subfield code="l">2</subfield>
   <subfield code="m">17</subfield>
   <subfield code="o">658.00973 PET</subfield>
   <subfield code="p">3020002650</subfield>
   <subfield code="r">2020-03-11</subfield>
   <subfield code="s">2020-01-16</subfield>
   <subfield code="t">1</subfield>
   <subfield code="w">2015-06-08</subfield>
   <subfield code="y">BK</subfield>
  </datafield>
 </record>
</collection>
